Countries of Africa - with a map but no incentives - Statistics

General Stats
  • This quiz has been taken 782 times
  • The average score is 48 of 54
Answer Stats
Country % Correct
Algeria
96%
Egypt
96%
D. R. Congo
94%
Morocco
94%
Sudan
94%
Madagascar
93%
Mali
93%
Niger
93%
Rep. of the Congo
93%
South Africa
93%
South Sudan
93%
Chad
92%
Nigeria
92%
Zimbabwe
92%
Ethiopia
91%
Ghana
91%
Kenya
91%
Libya
91%
Somalia
91%
Tunisia
91%
Zambia
91%
Botswana
90%
Cameroon
90%
Liberia
90%
Rwanda
90%
Tanzania
90%
Togo
90%
Angola
89%
Cote d'Ivoire
89%
Eritrea
89%
Gambia
89%
Guinea
89%
Lesotho
89%
Senegal
89%
Uganda
89%
Benin
88%
Central African Republic
88%
Mauritania
88%
Burundi
87%
Equatorial Guinea
87%
Mozambique
87%
Namibia
87%
Cape Verde
86%
Djibouti
86%
Malawi
86%
Mauritius
86%
Burkina Faso
85%
Comoros
85%
Gabon
85%
Sierra Leone
85%
Swaziland
85%
Guinea-Bissau
84%
Seychelles
84%
Sao Tome and Principe
80%
No matching quizzes found
Score Distribution
Percent of People with Each Score
Percentile by Number Answered
Your Score History
You have not taken this quiz